Statistiken für Expected Goals Bundesliga: Tabelle

Klicken Sie hier um das Quiz zu spielen!

Allgemein

  • Dieses Quiz wurde 74 mal gespielt
  • Das Durchschnittsergebnis liegt bei 11 aus 18

Antwortstatistiken

TabellenplatzErwartete Punkte
(xPTS)
Antwort% Korrekt
169Bayern München
100%
363Borussia Dortmund
93%
264RB Leipzig
93%
754Bayer Leverkusen
58%
1738VFL Bochum
58%
555VFB Stuttgart
57%
1644Hertha BSC
55%
1049Union Berlin
55%
1838FC Augsburg
54%
654FSV Mainz 05
52%
949SC Freiburg
51%
4561.Fc Köln
49%
1445Schalke 04
49%
853Eintracht Frankfurt
48%
1148TSG Hoffenheim
48%
1247VFL Wolfsburg
48%
1544Borussia Mönchengladbach
46%
1346Werder Bremen
45%

Verteilung der Resultate

Perzentil nach korrekt beantworteten Fragen

Anzahl Personen mit jedem Resultat

Ihre Resultats-Entwicklung

Sie haben dieses Quiz noch nicht gespielt